Markov Cell Structures near a Hyperbolic Set
Αποθηκεύτηκε σε:
| Κύριος συγγραφέας: | |
|---|---|
| Άλλοι συγγραφείς: | |
| Μορφή: | Βιβλίο |
| Γλώσσα: | English |
| Δημοσίευση: |
Providence :
American Mathematical Society,
1993
|
| Σειρά: | Memoirs of the American Mathematical Society ;
; 491 |
| Θέματα: | |
| Ετικέτες: |
Προσθήκη ετικέτας
Δεν υπάρχουν, Καταχωρήστε ετικέτα πρώτοι!
|
MARC
| LEADER | 00000nam a2200000 i 4500 | ||
|---|---|---|---|
| 001 | 1/52063 | ||
| 008 | 950928s1993 eng d | ||
| 020 | |a 0-8218-2553-4 | ||
| 035 | |a 1995 |c ΤΣΑΠΟΓΑΣ |l 10044317 | ||
| 040 | |a GR-MY-UA |b gre |e aacr | ||
| 041 | 0 | |a eng | |
| 100 | 1 | |a Farrell, Tom. | |
| 245 | 1 | 0 | |a Markov Cell Structures near a Hyperbolic Set / |c Tom Farrell, Lowell Jones |
| 260 | |a Providence : |b American Mathematical Society, |c 1993 | ||
| 300 | |a 138 p.; |c 25 cm.+ | ||
| 490 | 1 | |a Memoirs of the American Mathematical Society |v ; 491 | |
| 500 | |a Includes bibliographical references | ||
| 650 | 0 | 0 | |a Diffeomorphisms. |
| 650 | 0 | 0 | |a Manifolds (Mathematics) |
| 650 | 0 | 0 | |a Hyperbolic spaces. |
| 700 | 1 | |a Jones, Lowell |d 1945- | |
| 830 | 0 | |a Memoirs of the American Mathematical Society ; |v ; 491 | |
| 852 | |a INST |b SAMOS |e 19950928 |h 514.72 FAR |p 005300004843 |q 005300004843 |t BK |y 0 | ||
| 909 | |a Σ |b 042443 | ||